000 00866nam a22002537a 4500
005 20170123162334.0
010 _aA-511503
020 _c100.00
035 _aA-511503
037 _bCen Lib/Ret
040 _aDPL
_bUR
082 _a841.08
_bن س ی
245 _aنسیم امروہی :
_cمرتبہ محمّد سیادت نقوی
_bایک تعارف /
246 _aNaseem Amrohi : ek tarif /
_bedited by Mohammad Sayadat Naqvi
260 _aامروہہ
_bدانش کدہ
_c1991
270 _bامروہہ
_aموہللہ انشمندان
300 _a236p.
_c21cm(Hb)
650 _a ادب - اردو
_9123281
650 _a اردو مضامین
_9123282
650 _aLiterature -- Urdu
_9123283
650 _aUrdu Essays
_9528
700 _a نقوی، محمّد سیادت
_9123284
942 _2ddc
_cUR
_h841.08
_mن س ی
999 _c108012
_d108012